000 00461cam a2200169ua 4500
001 5695
008 131022n ii |||gr||||Z||||||asm
040 _cMAIN
082 _a954.162
245 _aBuranji Vivek-Ratna
_bBuranji Vivek-Ratna
_cBy Moniram Dewan
260 _aDibrugarh:
_bAssamese Department,Dibrugarh University,
_c2002.
300 _ax,215p.
653 _aHistory
653 _aBuranji Vivek-Ratna
700 _aDewan,Moniram,
_eAuthor.
942 _cBK
999 _c4854
_d4854